E-governance and Indian society: an impact study of Andhra Pradesh, Karnataka and Kerala (Record no. 441146)

000 -LEADER
fixed length control field 00609cam a22001577a 4500
008 - FIXED-LENGTH DATA ELEMENTS--GENERAL INFORMATION
fixed length control field 180718b2009 xxu||||| |||| 00| 0 eng d
082 ## - DEWEY DECIMAL CLASSIFICATION NUMBER
Classification number B3x54 P213
100 ## - MAIN ENTRY--PERSONAL NAME
Personal name Pardhasaradhi, Y.
245 ## - TITLE STATEMENT
Title E-governance and Indian society: an impact study of Andhra Pradesh, Karnataka and Kerala
Statement of responsibility, etc. by Y. Pardhasaradhi, Rakesh Chetal and Namita Gupta
260 ## - PUBLICATION, DISTRIBUTION, ETC.
Place of publication, distribution, etc. New Delhi
Name of publisher, distributor, etc. Kanishka
Date of publication, distribution, etc. 2009
300 ## - PHYSICAL DESCRIPTION
Extent 9788184571080
650 ## - SUBJECT ADDED ENTRY--TOPICAL TERM
Topical term or geographic name entry element Internet in public administration --Social aspects --India --Case studies
650 ## - SUBJECT ADDED ENTRY--TOPICAL TERM
Topical term or geographic name entry element Internet in public administration --India
700 ## - ADDED ENTRY--PERSONAL NAME
Personal name Gupta, Namita
700 ## - ADDED ENTRY--PERSONAL NAME
Personal name Chetal, Rakesh
Holdings
Withdrawn status Lost status Damaged status Not for loan Permanent Location Current Location Date acquired Full call number Barcode Date last seen Price effective from Koha item type
        Indian Institute of Public Administration Indian Institute of Public Administration 2010-11-29 B3x54 P213 84156 2018-07-21 2018-07-21 Book

Powered by Koha